Statistics for Cities that have held the Fifa world cup final

Click here to take the quiz!

General Stats

  • This quiz has been taken 1,604 times
  • The average score is 11 of 16

Answer Stats

City % Correct
Paris
93%
Berlin
91%
London
91%
Rome
90%
Madrid
88%
Mexico City
85%
Buenos Aires
81%
Montevideo
79%
Rio De Janeiro
77%
Johannesburg
72%
Santiago
67%
Bern
64%
Munich
60%
Yokohama
38%
Pasadena
33%
Solna
14%

Score Distribution

Percentile by Number Answered

Percent of People with Each Score

Your Score History

You have not taken this quiz